00704nam a2200241 a 4500001001300000003000900013005001700022008004100039020001000080082001500090100002100105245005400126260003600180300000900216500003500225505001000260650002100270700002100291902000800312942000700320952011800327999001700445nice12345678IN_TiNIC20260116015242.0050524s1998 meea grp 000 0 hin  ac10000a923.1bKUM aKumari, Ravinder aPandit Jawaharlala Nehru Aur Kisan Varg 1920-1947 aMeerutbSara Publicationsc1998 a108p aincludes index and biblioraphy2 aIndex aJawaharlal Nehru1 aKumari, Ravinder bSRS cBK 001040708StackRoom-aHMIbHMId2007-06-06g100.00l0o923.1 KUMp11000556r2007-06-06v100.00w2005-05-24yBK c18924d18924